| 000 | 01057nam a22001937a 4500 | ||
|---|---|---|---|
| 999 |
_c64029 _d64029 |
||
| 003 | Ge_BSU | ||
| 005 | 20260312162831.0 | ||
| 008 | 260312s1974 ge ||||| |||| 00| 0 geo d | ||
| 041 | _ageo | ||
| 080 | _a908(479.22) : 330.59(479.22) ლ-81 | ||
| 100 |
_aლომთაძე, ვ. _92842 |
||
| 245 |
_aსაქართველოს სსრ მოსახლეობის ცხოვრების დონე და მისი ამაღლება მეცხრე ხუთწლედში / _cვ. ლომთაძე, ნ. შარაშენიძე, მ. ჭინჭარაული. |
||
| 264 |
_aთბ. : _bსაბჭ. საქართველო, _c1974. |
||
| 300 |
_a133 გვ. ; _b21 სმ. |
||
| 653 | _aსაქართველოს მოსახლეობის ცხოვრების დონე | ||
| 700 |
_aშარაშენიძე, ნ. _eავტორი _927118 |
||
| 700 |
_aჭინჭარაული, მ. _eავტორი _927119 |
||
| 942 |
_2udc _cᲬᲘᲒᲜᲘ |
||